00722nam a2200241 a 4500001001300000003000900013005001700022008004100039020001000080082001500090100002000105245006600125260003000191300001000221500003500231505002800266650002300294700002000317902000800337942000700345952011500352999001300467nice12345678IN_TiNIC20260116011329.0050524s1881 leia grp 000 0 ger  ac10000a297.1bHAU aHauri, Johannes aDer Islamb in Seinen Einfluss Auf Das Leben Seiner Bekenner. aLeidenbE. J. Brillc1881 a361p. aincludes index and biblioraphy2 aacc no 1649 is archives aIslam-Meccan Trade1 aHauri, Johannes bSRS cBK 001040708StackRoom-aHMIbHMId2007-07-27g100.00l0o297.1 HAUp01504r2007-07-27v100.00w2005-05-24yBK c564d564